Saudi budget and its financial effects on the economy / (Record no. 4017)
[ view plain ]
| 000 -LEADER | |
|---|---|
| fixed length control field | 00716nam a2200229 ar4500 |
| 001 - CONTROL NUMBER | |
| control field | 4019 |
| 005 - DATE AND TIME OF LATEST TRANSACTION | |
| control field | 20221127090847.0 |
| 006 - FIXED-LENGTH DATA ELEMENTS--ADDITIONAL MATERIAL CHARACTERISTICS | |
| fixed length control field | a a 000 0 |
| 008 - FIXED-LENGTH DATA ELEMENTS--GENERAL INFORMATION | |
| fixed length control field | 141125 su a | 000 0|eng d |
| 090 ## - LOCALLY ASSIGNED LC-TYPE CALL NUMBER (OCLC); LOCAL CALL NUMBER (RLIN) | |
| Classification number (OCLC) (R) ; Classification number, CALL (RLIN) (NR) | SP-S |
| 245 00 - TITLE STATEMENT | |
| Title | Saudi budget and its financial effects on the economy / |
| Statement of responsibility, etc. | prepared by Omar al Kanhal ... [et al.]. |
| 260 ## - PUBLICATION, DISTRIBUTION, ETC. | |
| Date of publication, distribution, etc. | 2014. |
| 300 ## - PHYSICAL DESCRIPTION | |
| Extent | 40 leaves : |
| Other physical details | color illustrations ; |
| Dimensions | 30 cm. |
| 500 ## - GENERAL NOTE | |
| General note | Supervisor: Eiguene Kim. |
| 504 ## - BIBLIOGRAPHY, ETC. NOTE | |
| Bibliography, etc. note | Includes bibl. references. |
| 526 ## - STUDY PROGRAM INFORMATION NOTE | |
| Program name | Student senior project. |
| 563 ## - BINDING INFORMATION | |
| Binding note | Hard bound. |
| 650 #4 - SUBJECT ADDED ENTRY--TOPICAL TERM | |
| Topical term or geographic name entry element | Finance, Public |
| Geographic subdivision | Saudi Arabia. |
| 650 #4 - SUBJECT ADDED ENTRY--TOPICAL TERM | |
| Topical term or geographic name entry element | Budget |
| Geographic subdivision | Saudi Arabia. |
| 651 #4 - SUBJECT ADDED ENTRY--GEOGRAPHIC NAME | |
| Geographic name | Saudi Arabia |
| General subdivision | Economic policy. |
| 700 0# - ADDED ENTRY--PERSONAL NAME | |
| Personal name | Al Kanhal, Omar. |
No items available.
